Windows Trouble Shooting Guide / (Record no. 180593)
[ view plain ]
| 000 -LEADER | |
|---|---|
| fixed length control field | 00797 a2200169 4500 |
| 003 - CONTROL NUMBER IDENTIFIER | |
| control field | Nust |
| 005 - DATE AND TIME OF LATEST TRANSACTION | |
| control field | 20221006142348.0 |
| 020 ## - INTERNATIONAL STANDARD BOOK NUMBER | |
| International Standard Book Number | 817224178x |
| 040 ## - CATALOGING SOURCE | |
| Transcribing agency | Nust |
| 082 ## - DEWEY DECIMAL CLASSIFICATION NUMBER | |
| Classification number | 005.43,HAR |
| 100 ## - MAIN ENTRY--PERSONAL NAME | |
| Personal name | Harris ,Steve |
| 9 (RLIN) | 99320 |
| 245 ## - TITLE STATEMENT | |
| Title | Windows Trouble Shooting Guide / |
| Statement of responsibility, etc. | Steve Harris, Sue Nugus |
| 260 ## - PUBLICATION, DISTRIBUTION, ETC. | |
| Place of publication, distribution, etc. | Delhi |
| Name of publisher, distributor, etc. | Jaico Pub House |
| Date of publication, distribution, etc. | 1994 |
| 300 ## - PHYSICAL DESCRIPTION | |
| Extent | 251 p.: |
| 505 ## - FORMATTED CONTENTS NOTE | |
| Formatted contents note | What Is Windows (Page-1), Hardware Requirements (Page-13), Trouble Free Installation Procedures (Page-34), Windows And Non Standard Hardware (Page-55), Running Non Windows Applications (Page-97), Troubleshooting Common User Problems (Page-127), Troubleshooting Components Faults (Page-146),Optimizing Windows (Page-175), Windows And Networks (Page-203), Migrating To Windows (Page-211). |
| 942 ## - ADDED ENTRY ELEMENTS (KOHA) | |
| Source of classification or shelving scheme | |
| Koha item type | Book |
| Call number prefix | 005.43,HAR |
| Withdrawn status | Lost status | Source of classification or shelving scheme | Damaged status | Not for loan | Permanent Location | Current Location | Shelving location | Date acquired | Full call number | Barcode | Date last seen | Price effective from | Koha item type | Public note |
|---|---|---|---|---|---|---|---|---|---|---|---|---|---|---|
| Military College of Signals (MCS) | Military College of Signals (MCS) | General Stacks | 12/12/2016 | 005.43,HAR | MCS26200 | 12/08/2016 | 12/12/2016 | Book | Almirah No.6, Shelf No.2 |
